000 01453nam a2200301 4500
001 0000015518
003 CO-CtgCURN
005 20250331184729.0
007 ta
008 160627s1995 000 0 eng d
020 _a8448702123
040 _aCO-CtgCURN
_bspa
_ccoctgcurn
082 0 _a478.6
_bV49d
100 1 _aVives, Juan Luis.
245 1 0 _aDialogos sobre la educación /
_cJuan Luis Vives , traductor, Pedro Rodríguez Santidrian.
260 _aBarcelona :
_bAltaya,
_c1995.
300 _a209 p.
336 _2rdacontent
337 _2rdamedia
_asin mediacion
_bn
338 _2rdacarrier
_avolumen
_bnc
490 1 _aGrandes obras del pensamiento ;
_v90
500 _aIncluye indice.
505 8 _aAl levantarse por la mañana -- El primer saludo -- Vamos a la escuela.-- Los que van a la escuela -- La lección -- De vuelta en casa y los juegos infantiles -- La comida en la escuela -- Los charlatanes -- El viaje y el caballo -- Escribir y redactar -- El vestido y un paseo matutino -- La casa -- La escuela -- El aposento y la velada -- La cocina -- El triclinio -- El banquete -- La embriaguez -- El palacio real -- El principito -- El juego de los naipes -- Las leyes del juego -- El cuerpo del hombre por fuera -- La educación -- Los preceptos de la educación
650 1 4 _aEducación.
908 _a160627
942 _cBK
_h478.6
_iV49d
_2ddc
999 _c20674
_d20674